[Event "116th YMCA Winter"]
[Site "Warsaw POL"]
[Date "2013.02.05"]
[Round "3"]
[White "Jarmula,L"]
[Black "Liberadzki,S"]
[Result "1-0"]
[WhiteElo "2164"]
[BlackElo "2104"]

1.e4 c5 2.Nf3 e6 3.d4 cxd4 4.Nxd4 Nc6 5.Nc3 Qc7 6.Ndb5 Qb8 7.Be3 a6 8.Bb6 axb5
9.Nxb5 Ra5 10.Nc7+ Ke7 11.Qd3 Nf6 12.O-O-O Rxa2 13.Kb1 Ra4 14.Qd6+ Kd8 15.Nxe6+ Ke8
16.Qxb8 Nxb8 17.Nc7+ Ke7 18.e5 Ne8 19.Nd5+ Ke6 20.b3 Re4 21.Bc4 Rxc4 22.bxc4 Na6
23.f4 f5 24.g4 fxg4 25.f5+ Kxf5 26.Rhf1+ Kg6 27.e6 dxe6 28.Nf4+ Kh6 29.Rd8 Nd6
30.Be3 Nxc4 31.Bc1 g5 32.Rxc8 Nd6 33.Rd8 Nf7 34.Rd7 gxf4 35.Rxf4 Ng5 36.Rxg4 Nc5
37.Rd8 Rg8 38.Rxf8 Rxf8 39.Rxg5 Nd7 40.Rd5+  1-0

[Event "ch-TUR 2013"]
[Site "Antalya TUR"]
[Date "2013.02.06"]
[Round "7.77"]
[White "Demirag,Batuhan"]
[Black "Cam,Vedat"]
[Result "1-0"]
[WhiteElo "1704"]
[BlackElo "1825"]

1.e4 c5 2.Nc3 Nc6 3.Nf3 e6 4.d4 cxd4 5.Nxd4 a6 6.Nxc6 bxc6 7.Bd3 Bc5 8.O-O Ne7
9.e5 Ng6 10.Ne4 Be7 11.Nd6+ Kf8 12.Qe2 Qc7 13.Bxg6 hxg6 14.Bf4 g5 15.Bg3 f5
16.Qd2 g6 17.Rad1 Bb7 18.f3 Rd8 19.Bf2 Kg7 20.Bc5 Bxd6 21.exd6 Qc8 22.Bd4+ Kh6
23.Bf6 f4 24.h4 Rhf8 25.hxg5+ Kh7 26.Qxf4 Rxf6 27.gxf6 Rh8 28.Kf2 Kg8 29.Rh1 Kf7
30.Rh4 Qc7 31.Qd4  1-0

[Event "Asian Zonal 3.2 2013"]
[Site "Thulhiriya City PHI"]
[Date "2013.02.06"]
[Round "6.2"]
[White "Murshed,N"]
[Black "Rahman,Zia"]
[Result "1/2-1/2"]
[WhiteElo "2488"]
[BlackElo "2505"]

1.d4 e6 2.Nf3 c5 3.e4 cxd4 4.Nxd4 Nc6 5.Nc3 Qc7 6.Be2 a6 7.O-O Nf6 8.Be3 Be7
9.f4 d6 10.Kh1 O-O 11.Qe1 Nxd4 12.Bxd4 b5 13.Bd3 Bb7 14.a3 Nd7 15.Qg3 Bf6
16.Bxf6 Nxf6 17.Rae1 Nd7 18.f5 Kh8 19.Re3 exf5 20.exf5 Nf6 21.Rfe1 Rae8 22.Rxe8 Rxe8
23.Rxe8+ Nxe8 24.Ne4 Bxe4 25.Bxe4 Nf6 26.Bd3 h5 27.h3 Qc5 28.Qf4 Qd5 29.a4 bxa4
30.Qxa4 a5 31.Qb4  1/2-1/2

[Event "Asian Zonal 3.2 2013"]
[Site "Thulhiriya City PHI"]
[Date "2013.02.06"]
[Round "6.6"]
[White "Kalugampitiya,R"]
[Black "Thapa,K"]
[Result "1-0"]
[WhiteElo "2146"]
[BlackElo "2040"]

1.e4 c5 2.Nf3 e6 3.d4 cxd4 4.Nxd4 Nc6 5.Nc3 a6 6.Nxc6 bxc6 7.Bd3 d5 8.O-O Nf6
9.Re1 Qc7 10.Qf3 Bb7 11.Bf4 Qd8 12.a3 h6 13.Rad1 Be7 14.Ne2 c5 15.e5 Nd7
16.c4 Rb8 17.cxd5 Bxd5 18.Be4 Bxe4 19.Qxe4 Qc7 20.Qa4 Qb7 21.Nc3 Rd8 22.Ne4 O-O
23.Qc2 Rb8 24.h3 Qc7 25.Rc1 Qb6 26.Rcd1 Rfd8 27.Re2 Nf8 28.Be3 Rxd1+ 29.Qxd1 Qc7
30.Nxc5 Bxc5 31.Rc2 Rd8 32.Qe2 Qxe5 33.Rxc5 Qe4 34.Rc1  1-0

[Event "ch-TUR 2013"]
[Site "Antalya TUR"]
[Date "2013.02.07"]
[Round "8.60"]
[White "Dedebas,Emre Emin"]
[Black "Demirag,Batuhan"]
[Result "0-1"]
[WhiteElo "1848"]
[BlackElo "1704"]

1.e4 c5 2.Nf3 e6 3.d4 cxd4 4.Nxd4 Nc6 5.Nc3 a6 6.Be2 Nf6 7.O-O Qc7 8.Nb3 Bb4
9.f3 O-O 10.Be3 Bxc3 11.bxc3 d5 12.Bd3 Bd7 13.Bg5 Ne5 14.Bxf6 gxf6 15.exd5 exd5
16.f4 Nxd3 17.Qxd3 Bb5 18.Qg3+ Kh8 19.Rf3 Bd7 20.Rd3 Rg8 21.Qf2 Bf5 22.Re3 Be4
23.g3 f5 24.Rf1 Rg6 25.Qd2 f6 26.Rf2 Rag8 27.Qd4 Qg7 28.Nc5 Rg4 29.c4 Qf7
30.cxd5 Bxd5 31.Rd2 Bc6 32.Qd6 R4g6 33.Nb3 h5 34.Re7 Qc4 35.Qc7 R6g7 36.Rxg7 Rxg7
37.Qd8+ Kh7 38.Qxf6 Qe4 39.Kf2 Re7  0-1

[Event "ch-TUR 2013"]
[Site "Antalya TUR"]
[Date "2013.02.07"]
[Round "8.19"]
[White "Onem,C"]
[Black "Gucin,Z"]
[Result "1/2-1/2"]
[WhiteElo "1949"]
[BlackElo "2120"]

1.e4 c5 2.Nf3 e6 3.d4 cxd4 4.Nxd4 Nc6 5.Nc3 Qc7 6.Be2 a6 7.a3 Nf6 8.Be3 Ne5
9.Nb3 Nc4 10.Bxc4 Qxc4 11.Qd4 Qxd4 12.Bxd4 d6 13.O-O-O b5 14.f3 e5 15.Bb6 Be6
16.Ba5 Be7 17.Bb4 O-O-O 18.Na5 Kc7 19.g4 h5 20.h3 Nd7 21.Nd5+ Bxd5 22.exd5 Bg5+
23.Kb1 hxg4 24.hxg4 Rxh1 25.Rxh1 Nf6 26.c4 bxc4 27.Nxc4 Rd7 28.Rd1 e4 29.fxe4 Nxe4
30.Rd4 Re7 31.Na5 Nf6 32.Rc4+ Kd7 33.Rc6 Bf4 34.Rxa6 Nxd5 35.Nc6 Re4 36.Ba5 Bg3
37.Nd8 Nc7 38.Bxc7 Kxc7 39.Nxf7 Rxg4 40.Ra7+ Kb6 41.Ra8 Bf4 42.Ka2 Rg2 43.Kb3 Rf2
44.Kc4 Kb7 45.Rg8 Rxb2 46.Rxg7 Ka6 47.Kd5  1/2-1/2

[Event "Chess Classic ELO Open 2013"]
[Site "Baden-Baden GER"]
[Date "2013.02.07"]
[Round "1.2"]
[White "Negi,P"]
[Black "Partenheimer,A"]
[Result "1-0"]
[WhiteElo "2638"]
[BlackElo "2188"]

1.e4 c5 2.Nf3 e6 3.d4 cxd4 4.Nxd4 Nc6 5.Nc3 Qc7 6.g3 a6 7.Bg2 d6 8.O-O Bd7
9.a4 Nf6 10.Be3 Be7 11.Nxc6 Bxc6 12.a5 O-O 13.Qd2 Nd7 14.Na4 Rae8 15.f4 f5
16.exf5 Bxg2 17.Qxg2 Rxf5 18.Nb6 Rb5 19.c3 Nxb6 20.Bxb6 Qc6 21.Qxc6 bxc6
22.b4 Bf6 23.Rac1 Bd8 24.Be3 Bf6 25.Bd2 Rb7 26.Rfd1 Rc8 27.Be1 Be7 28.Bf2 c5
29.bxc5 dxc5 30.c4 Rd8 31.Re1 Kf7 32.Re2 Rb4 33.f5 e5 34.Rxe5 Rb2 35.Rce1 Bf6
36.Rxc5 Bd4 37.Rc7+ Kf6 38.Rf1 Rxf2 39.Rxf2 Bxf2+ 40.Kxf2 Rd2+ 41.Ke3 Rxh2
42.Kd4 Rg2 43.c5 Rxg3 44.c6 Kxf5 45.Rc8 Rg4+ 46.Kc5 Rg1 47.Rf8+ Ke4 48.c7 Rc1+
49.Kb6  1-0

[Event "73rd Noteboom Mem"]
[Site "Leiden NED"]
[Date "2013.02.08"]
[Round "1.9"]
[White "Klein,Da"]
[Black "Vlaar,S"]
[Result "1-0"]
[WhiteElo "2456"]
[BlackElo "1788"]

1.e4 c5 2.Ne2 e6 3.d4 cxd4 4.Nxd4 Nc6 5.Nc3 Qc7 6.Be3 a6 7.Qd2 Nf6 8.O-O-O Be7
9.f3 O-O 10.g4 b5 11.g5 Ne8 12.Kb1 Bb7 13.Bd3 Ne5 14.h4 Rc8 15.Nce2 Nd6 16.Bf4 Nec4
17.Bxc4 Nxc4 18.Qd3 Qb6 19.h5 Rfe8 20.Bc1 d5 21.exd5 Bxd5 22.Nf4 Bb7 23.g6 e5
24.gxh7+ Kh8 25.h6 g6 26.Rhe1 exd4 27.Re6 Qc7 28.Qxd4+ f6 29.Rxe7 Rxe7 30.Qxf6+ Kxh7
31.Qxg6+ Kh8 32.Qf6+ Kh7 33.Qf5+ Kh8 34.Ng6+ Kg8 35.Nxe7+ Qxe7 36.Rg1+ Kh8
37.Rg7 Qxg7 38.hxg7+ Kxg7 39.Qd7+ Kf8 40.Bh6+ Kg8 41.Qg7+  1-0

[Event "Moscow Open F 2013"]
[Site "Moscow RUS"]
[Date "2013.02.08"]
[Round "7.5"]
[White "Stukopin,A"]
[Black "Krejci,Jan2"]
[Result "1-0"]
[WhiteElo "2495"]
[BlackElo "2529"]

1.e4 c5 2.Nf3 e6 3.d4 cxd4 4.Nxd4 Nc6 5.Nc3 Qc7 6.Be3 a6 7.Qd2 Nf6 8.f3 Be7
9.g4 b5 10.O-O-O O-O 11.Rg1 Bb7 12.g5 Nh5 13.Nxc6 Bxc6 14.Bh3 b4 15.Ne2 g6
16.Kb1 d5 17.Nd4 dxe4 18.Nxc6 Qxc6 19.Qd7 Qxd7 20.Rxd7 Rfe8 21.fxe4 Rac8
22.Bf1 Bc5 23.Bxc5 Rxc5 24.Bxa6 Nf4 25.Rf1 e5 26.b3 Ra8 27.Bc4 Rca5 28.Rxf7 Kh8
29.a4 bxa3 30.Rd1 Nh3 31.Rdd7 Nxg5 32.Rfe7 Rc5 33.h4 Rxc4 34.bxc4 Nxe4 35.Rxh7+ Kg8
36.Rdg7+ Kf8 37.Rxg6 Ra4 38.Rb6 Kg8 39.Rd7 Ra8 40.Rd3 Rc8 41.Rb7 Nc5 42.Rg3+ Kh8
43.Re7 Ne4 44.Rxa3 Nd2+ 45.Kc1 Nxc4 46.Rc3  1-0

[Event "FSGM February 2013"]
[Site "Budapest HUN"]
[Date "2013.02.09"]
[Round "7.4"]
[White "Hujbert,F"]
[Black "Gledura,B"]
[Result "1/2-1/2"]
[WhiteElo "2427"]
[BlackElo "2393"]

1.e4 c5 2.Nf3 e6 3.d4 cxd4 4.Nxd4 Nc6 5.Nc3 Qc7 6.g3 a6 7.Bg2 Nf6 8.O-O Nxd4
9.Qxd4 Bc5 10.Bf4 d6 11.Qd2 Ng4 12.h3 Ne5 13.Ne2 b5 14.b3 O-O 15.Nd4 Bb7
16.c3 Nd7 17.Nc2 e5 18.Bg5 f6 19.Be3 Rfd8 20.Rfd1 Rac8 21.Rac1 Qb8 22.Qe2 Qa8  1/2-1/2

[Event "TCh-CAT Div Hon 2013"]
[Site "Catalonia ESP"]
[Date "2013.02.09"]
[Round "4.7"]
[White "Perez Manas,B"]
[Black "Perpinya Rofes,L"]
[Result "1-0"]
[WhiteElo "2290"]
[BlackElo "2392"]

1.e4 c5 2.Nf3 Nc6 3.d4 cxd4 4.Nxd4 e6 5.Nc3 Nf6 6.Ndb5 Bc5 7.Bf4 O-O 8.Bc7 Qe7
9.Bd6 Bxd6 10.Qxd6 Qd8 11.Qd2 d5 12.exd5 exd5 13.O-O-O a6 14.Nd4 Qa5 15.Kb1 Nxd4
16.Qxd4 Be6 17.Bd3 Rac8 18.Ne2 Ne4 19.Nf4 Nc5 20.Nh5 f6 21.Nf4 Rfe8 22.b4 Qa4
23.bxc5 Qxd4 24.Bxh7+ Kxh7 25.Rxd4 Bf7 26.Rb4 Re4 27.Rxe4 dxe4 28.Rd1 g5
29.Rd7 Kg7 30.Ne6+ Kg6 31.Nd8 Be8 32.Rd5 Bb5 33.Rd4 Rxc5 34.Nxb7 Rf5 35.Rd2 Bf1
36.Nd6 Re5 37.g3 f5 38.Kc1 Kh5 39.c4 Kg4 40.Rd5 Re8 41.Nxf5 Kf3 42.Rd2 Rc8
43.Kd1 Bxc4 44.Nd4+ Kg4 45.Rc2 a5 46.Kd2 Kh3 47.Ke3 Kxh2 48.Nb3 Ba6 49.Rxc8 Bxc8
50.Nxa5 Be6 51.a3 Kg2 52.Nb7  1-0

[Event "73rd Noteboom Mem"]
[Site "Leiden NED"]
[Date "2013.02.09"]
[Round "2.7"]
[White "Pijpers,A"]
[Black "Haast,A"]
[Result "1-0"]
[WhiteElo "2347"]
[BlackElo "2268"]

1.e4 c5 2.Nf3 e6 3.d4 cxd4 4.Nxd4 Nc6 5.Nc3 Qc7 6.g3 a6 7.Bg2 h5 8.Bg5 Bc5
9.Nb3 Ba7 10.Qd2 b5 11.O-O-O Ne5 12.Bf4 b4 13.Nd5 exd5 14.Qxd5 d6 15.Qxa8 Ne7
16.Rxd6 Qxd6 17.Qxa7 O-O 18.Qc5 Qxc5 19.Nxc5 Ng4 20.f3 Nf6 21.Rd1 Ng6 22.Bd6 Re8
23.h4 Kh7 24.Nd3 a5 25.Bc7  1-0

[Event "Moscow Open F 2013"]
[Site "Moscow RUS"]
[Date "2013.02.09"]
[Round "8.2"]
[White "Eliseev,U"]
[Black "Stukopin,A"]
[Result "1/2-1/2"]
[WhiteElo "2525"]
[BlackElo "2495"]

1.e4 c5 2.Nf3 e6 3.d4 cxd4 4.Nxd4 Nc6 5.Nc3 Qc7 6.Be3 a6 7.Qd2 Nf6 8.O-O-O Ne5
9.f4 Nc4 10.Bxc4 Qxc4 11.e5 Nd5 12.Nxd5 Qxd5 13.f5 Be7 14.Bg5 Bxg5 15.Qxg5 Qxe5
16.Rhe1 Qf6 17.Qf4 O-O 18.g4 h6 19.Nf3 d5 20.Re5 exf5 21.gxf5 Rd8 22.Rg1 Bd7
23.Nd4 Kh8 24.Rxd5  1/2-1/2

[Event "Moscow Open A 2013"]
[Site "Moscow RUS"]
[Date "2013.02.09"]
[Round "8.5"]
[White "Ganguly,S"]
[Black "Maletin,P"]
[Result "0-1"]
[WhiteElo "2626"]
[BlackElo "2571"]

1.e4 c5 2.Nf3 e6 3.d4 cxd4 4.Nxd4 Nc6 5.Nc3 Qc7 6.Be2 a6 7.O-O Nf6 8.Be3 Be7
9.f4 d6 10.a4 O-O 11.Kh1 Re8 12.Bf3 Rb8 13.g4 Nxd4 14.Bxd4 e5 15.fxe5 dxe5
16.Ba7 Ra8 17.g5 Rd8 18.Qe2 Ne8 19.Be3 Be6 20.Nd5 Bxd5 21.exd5 Nd6 22.a5 Rac8
23.Bb6 Qxc2 24.Bxd8 Qxe2 25.Bxe7 Qxb2 26.Bxd6 Rc2 27.Ba3 Qd4 28.Rac1 Qd3
29.Bg2 Rxc1 30.Rxc1 f5 31.d6 e4 32.Bc5 Qd2 33.Rg1 Kf7 34.Bf1 Qd5 35.d7 Qxd7
36.Be3 Qd5 37.h4 Qb3 38.Rg3 Qd1 39.Kg2 Qd6 40.Bc4+ Ke8 41.g6 hxg6 42.h5 Qc7
43.Bb3 gxh5 44.Bd4 Qxa5 45.Rc3 f4 46.Kf1 Qb5+ 47.Ke1 g5 48.Bf6 Qf5 49.Bd4 e3
50.Ba4+ b5 51.Bc2 Qd5 52.Bg6+ Ke7 53.Rd3 Qh1+ 54.Ke2 Qg2+ 55.Kd1 Qf3+  0-1

[Event "ch-CUB Men Final 2013"]
[Site "Santa Clara CUB"]
[Date "2013.02.09"]
[Round "3.3"]
[White "Espinosa Veloz,E"]
[Black "Quesada Perez,Yu"]
[Result "0-1"]
[WhiteElo "2452"]
[BlackElo "2596"]

1.e4 c5 2.Nf3 e6 3.d4 cxd4 4.Nxd4 Nc6 5.Nc3 Qc7 6.Be3 a6 7.Qd2 Nf6 8.O-O-O Bb4
9.f3 O-O 10.g4 b5 11.g5 Nh5 12.Kb1 Bb7 13.a3 Be7 14.Nce2 Nxd4 15.Bxd4 Rfc8
16.Bc3 d5 17.e5 a5 18.Nd4 b4 19.axb4 axb4 20.Bxb4 Bxb4 21.Qxb4 Bc6 22.Qd6 Qa7
23.Qa3 Qb7 24.Qe3 Rcb8 25.b3 Bd7 26.Bh3 Qb4 27.Kb2 Ra4 28.Bg4 Nf4 29.Qxf4 Rc8  0-1

[Event "TCh-FIN SM 2012-13"]
[Site "Tampere FIN"]
[Date "2013.02.09"]
[Round "10.3"]
[White "Kokkila,T"]
[Black "Volodin,Alek"]
[Result "0-1"]
[WhiteElo "2323"]
[BlackElo "2509"]

1.e4 c5 2.Nf3 e6 3.d4 cxd4 4.Nxd4 Nc6 5.Nc3 Qc7 6.Be3 Nf6 7.f4 Nxd4 8.Bxd4 Bb4
9.Qf3 d6 10.O-O-O O-O 11.e5 dxe5 12.Bxe5 Qe7 13.a3 Bxc3 14.Qxc3 Nd5 15.Rxd5 exd5
16.Bxg7 Re8 17.Be5 f6 18.Bxf6 Qe1+ 19.Qxe1 Rxe1+ 20.Kd2 Rb1 21.g3 Kf7 22.Bd4 Be6
23.Bg2 Rxh1 24.Bxh1 h5 25.f5 Bxf5 26.Bxd5+ Kg6 27.Bxb7 Rd8 28.Ke3 Re8+ 29.Kf4 Bxc2
30.Bf3 a6 31.b4 Bd3 32.a4 Re1 33.Bc6 Rb1 34.Be8+ Kh6 35.Bc5 Bg6 36.Bc6 Bc2
37.b5 Rf1+ 38.Ke5 Bxa4 39.Be3+ Kg7 40.Be8 Bxb5 41.Bxh5 a5 42.Kd4 a4 43.Kc3 Kf6
44.h4 Ke5 45.Bf4+ Kf6 46.Bg4 Rb1 47.Kc2 Rb3 48.Bg5+ Kg6 49.Be6 Rxg3 50.Kb2 Be8
51.Ba2 a3+ 52.Kc1 Rg2 53.Bd2 Ba4 54.Bb1+ Kh5  0-1

[Event "TCh-CZE Div1 Vychod 2012-13"]
[Site "Czech Republic CZE"]
[Date "2013.02.10"]
[Round "7.1"]
[White "Haba,P"]
[Black "Stachowiak,K"]
[Result "1/2-1/2"]
[WhiteElo "2463"]
[BlackElo "2432"]

1.e4 c5 2.Nf3 e6 3.d4 cxd4 4.Nxd4 Nc6 5.Nc3 Qc7 6.Be2 a6 7.O-O Nf6 8.Be3 Bb4
9.Na4 O-O 10.c4 Be7 11.Nc3 d6 12.Rc1 Ne5 13.b3 b6 14.f4 Ned7 15.Bf3 Bb7 16.f5 e5
17.Nde2 Rfc8 18.Nd5 Nxd5 19.cxd5 Qd8 20.Qd2 h6 21.Rxc8 Rxc8 22.Rc1  1/2-1/2

[Event "Chess Classic ELO Open 2013"]
[Site "Baden-Baden GER"]
[Date "2013.02.11"]
[Round "5.11"]
[White "Agrest,I"]
[Black "Gkogkas,D"]
[Result "1-0"]
[WhiteElo "2174"]
[BlackElo "2218"]

1.e4 c5 2.Nf3 e6 3.d4 cxd4 4.Nxd4 Nc6 5.Nc3 Qc7 6.Be3 a6 7.f4 Nxd4 8.Qxd4 Ne7
9.Be2 b5 10.O-O Nc6 11.Qd2 Na5 12.Kh1 Nc4 13.Bxc4 Qxc4 14.Bd4 Bb7 15.b3 Qc6
16.Qe3 O-O-O 17.Rfe1 f5 18.Bb6 Bb4 19.Bd4 Rhg8 20.a4 fxe4 21.axb5 axb5 22.Re2 g5
23.fxg5 d5 24.h3 Rde8 25.Na2 Be7 26.c3 Bxg5 27.Qg1 Bf4 28.Nb4 Qd7 29.Bb6 Bc7
30.Rea2 Qd6 31.Bxc7 Qxc7 32.Ra8+ Kd7 33.R8a7 Ra8 34.Na6 Qb6 35.Rxb7+ Qxb7
36.Nc5+  1-0

[Event "Horodok-800 years IM"]
[Site "Horodok UKR"]
[Date "2013.02.12"]
[Round "3"]
[White "Terletsky,O"]
[Black "Grekh,A"]
[Result "0-1"]
[WhiteElo "2250"]
[BlackElo "2373"]

1.e4 c5 2.Nf3 e6 3.d4 cxd4 4.Nxd4 Nc6 5.Nc3 Nf6 6.Be3 Bb4 7.f3 O-O 8.Qd2 d5
9.O-O-O e5 10.Nxc6 bxc6 11.a3 Ba5 12.exd5 cxd5 13.Bc5 d4 14.Qg5 h6 15.Qh4 Re8
16.Ne4 Nxe4 17.Qxd8 Rxd8 18.fxe4 Bg4 19.Rd3 f5 20.Rg3 Rac8 21.b4 Bb6 22.Bc4+ Kh8
23.Be6 Bxc5 24.Bxc8 Rxc8 25.bxc5 Rxc5 26.Re1 h5 27.h3 f4 28.Rb3 Be6 29.Rb8+ Kh7
30.Kd2 a5 31.Reb1 Bd7 32.Rc1 Bc6 33.Rc8 Rc3 34.h4 g5 35.hxg5 Bxe4 36.Rxc3 dxc3+
37.Kxc3 Bxg2 38.Kd2 h4 39.Ke2 h3 40.Kf2 e4 41.Re1 Kg6 42.c4 e3+ 43.Kg1 Kxg5
44.c5 Kg4 45.Kh2 f3 46.c6 f2 47.c7 Bb7 48.Rb1 Bc8 49.a4 e2 50.Rb5 f1=N+  0-1

[Event "Aeroflot Open Rapid Qualifier 2013"]
[Site "Moscow RUS"]
[Date "2013.02.13"]
[Round "7.7"]
[White "Inarkiev,E"]
[Black "Maletin,P"]
[Result "1/2-1/2"]
[WhiteElo "2688"]
[BlackElo "2571"]

1.e4 c5 2.Nf3 e6 3.Nc3 Nc6 4.d4 cxd4 5.Nxd4 Qc7 6.Be3 a6 7.Qd2 Nf6 8.O-O-O Nxd4
9.Qxd4 Ng4 10.Qb6 Qc6 11.Bd4 e5 12.Be3 Be7 13.Nd5 Bd8 14.Qb3 d6 15.Be2 Nxe3
16.Nxe3 O-O 17.Bc4 Qxe4 18.Rxd6 Be7 19.Rdd1 Qg6 20.Qc3 Bf6 21.h4  1/2-1/2

[Event "Aeroflot Open Rapid KO"]
[Site "Moscow RUS"]
[Date "2013.02.15"]
[Round "1.2"]
[White "Tukhaev,A"]
[Black "Bukavshin,I"]
[Result "0-1"]
[WhiteElo "2517"]
[BlackElo "2522"]

1.e4 c5 2.Nf3 e6 3.d4 cxd4 4.Nxd4 Nc6 5.Nc3 Qc7 6.Ndb5 Qb8 7.Be3 a6 8.Bb6 axb5
9.Nxb5 Bb4+ 10.c3 Ba5 11.Nc7+ Qxc7 12.Bxc7 Bxc7 13.Qg4 Ra4 14.f3 Kf8 15.Bb5 Ra5
16.a4 Nf6 17.Qh4 d6 18.O-O-O Bd7 19.Rhe1 Ne5 20.f4 Ng6 21.Qf2 Bxb5 22.axb5 Rxb5
23.Qa7 Ke7 24.e5 Nd5 25.exd6+ Bxd6 26.f5 Ne5 27.fxe6 fxe6 28.Qa4 Rc5 29.Qh4+ Nf6
30.Qb4 Ned7 31.Qb3 Be5 32.Qxb7 Rb8 33.Qf3 Ra5 34.Kc2 Nd5 35.Ra1 Rab5 36.Ra2 Rc5
37.Ra7 Rxb2+ 38.Kxb2 Bxc3+ 39.Ka2 Bxe1 40.Qg4 Bc3 41.Qh4+ Nf6 42.Rb7 Be5
43.Kb1 Bd6 44.g3 Rh5 45.Qa4 Rxh2 46.Rb3 Rd2 47.Qh4 Rd5 48.Rc3 Rb5+ 49.Ka2 Rh5
50.Qa4 Rg5 51.Qh4 Rg4 52.Qh3 Ra4+ 53.Kb1 h5 54.Re3 Be5 55.Kc2 Rc4+ 56.Kb3 Rc1
57.Qh4 Nc5+ 58.Kb4 Bd6 59.Kb5 Nd7 60.Rd3 Rc5+ 61.Ka6 Bc7 62.Kb7 Bd8 63.Qb4 Nd5  0-1

[Event "TCh-FRA w TOP 12 2013"]
[Site "Archamps FRA"]
[Date "2013.02.16"]
[Round "3.2"]
[White "Gara,A"]
[Black "Genova,Ly"]
[Result "1-0"]
[WhiteElo "2302"]
[BlackElo "2276"]

1.e4 c5 2.Nf3 e6 3.d4 cxd4 4.Nxd4 Nc6 5.Nc3 Qc7 6.Be2 a6 7.Be3 Nf6 8.a3 Be7
9.f4 d6 10.g4 Nxd4 11.Qxd4 e5 12.Qd2 h6 13.h4 b5 14.O-O-O Bb7 15.Bf3 Nd7
16.Nd5 Bxd5 17.exd5 O-O-O 18.f5 Nb6 19.Qa5 Kb7 20.Kb1 Rc8 21.Be4 Bd8 22.Qe1 Nc4
23.Bc1 Qc5 24.Qg1 Qc7 25.b3 Nb6 26.Bb2 Qe7 27.Bc1 Nd7 28.g5 Nc5 29.Bf3 Bb6
30.Qg2 hxg5 31.hxg5 Qc7 32.Rxh8 Rxh8 33.Rh1 Rc8 34.Bb2 Qe7 35.Rh7 e4 36.Bh5 e3
37.Rxg7 Rf8 38.g6 Ne4 39.Rxf7 Rxf7 40.gxf7 Nf6 41.Bxf6 Qxf6 42.Qg6 Qc3 43.f8=Q Qe1+
44.Ka2 Qc1 45.Qgg7+ Bc7 46.Qc3  1-0

[Event "ch-ROU w 2013"]
[Site "Baile Olanesti ROU"]
[Date "2013.02.16"]
[Round "1.1"]
[White "Vasilescu,M"]
[Black "Peptan,C"]
[Result "0-1"]
[WhiteElo "1883"]
[BlackElo "2443"]

1.e4 c5 2.Nf3 e6 3.d4 cxd4 4.Nxd4 Nc6 5.Nc3 Qc7 6.Be3 a6 7.Be2 Nf6 8.O-O Bb4
9.f3 O-O 10.Kh1 Bxc3 11.bxc3 d5 12.Bg5 Nd7 13.exd5 exd5 14.Qd2 Nxd4 15.Qxd4 Qe5
16.Qxe5 Nxe5 17.Rad1 f6 18.Be3 Be6 19.f4 Nc6 20.Bb6 Rac8 21.Rfe1 Kf7 22.Bf3 Ne7
23.Ba5 Rfe8 24.Rb1 b5 25.a4 bxa4 26.Rb7 Rb8 27.Reb1 a3 28.R7b3 d4 29.Bb4 Bxb3
30.cxb3 dxc3 31.Bxa3 c2 32.Re1 Rxb3 33.Bxe7 Rxf3 34.gxf3 Rxe7  0-1

[Event "Frau Bundesliga Div1 2012-13"]
[Site "Germany GER"]
[Date "2013.02.16"]
[Round "8.3"]
[White "Jaracz,B"]
[Black "Kochetkova,J"]
[Result "1/2-1/2"]
[WhiteElo "2302"]
[BlackElo "2304"]

1.e4 c5 2.Nf3 e6 3.d4 cxd4 4.Nxd4 Nc6 5.Nc3 Qc7 6.Be2 a6 7.O-O Nf6 8.Be3 Be7
9.f4 d6 10.Qe1 O-O 11.Qg3 Nxd4 12.Bxd4 b5 13.a3 Bb7 14.Kh1 Rad8 15.Bd3 Nh5
16.Qh3 g6 17.f5 e5 18.Be3 Bf6 19.Bh6 Bg7 20.Bg5 Bf6 21.Bxf6 Nxf6 22.Qh4 Kg7
23.Rf3 h6 24.fxg6 fxg6 25.Raf1 Qf7 26.h3 Qe6 27.Qf2 Nh7 28.Qb6 Rxf3 29.Rxf3 Rd7
30.a4 Ng5 31.Rg3 bxa4 32.Qb4 Qf6 33.Qxa4 Rf7 34.Bc4 Rc7 35.Bd5 Qf2 36.Kh2 Bxd5
37.Nxd5 Rxc2 38.Qd7+ Kh8 39.Qe8+ Kg7 40.Qd7+ Kh8 41.Qe8+ Kg7 42.Qd7+  1/2-1/2

[Event "Vladimir Petrov Memorial"]
[Site "Jurmala LAT"]
[Date "2013.02.16"]
[Round "11.6"]
[White "Oparin,G"]
[Black "Fedoseev,Vl3"]
[Result "1-0"]
[WhiteElo "2478"]
[BlackElo "2510"]

1.e4 c5 2.Nf3 e6 3.d4 cxd4 4.Nxd4 Nc6 5.Nc3 Qc7 6.Be2 Nf6 7.O-O Be7 8.Be3 O-O
9.f4 d6 10.Kh1 Nxd4 11.Qxd4 b6 12.Rad1 Bb7 13.f5 Rac8 14.fxe6 fxe6 15.Qa4 Bc6
16.Qb3 Bd7 17.Ba6 Rce8 18.Bc4 Qc8 19.Bf4 Nxe4 20.Nxe4 d5 21.Bd3 dxe4 22.Bxe4 Bc6
23.Qd3 Bxe4 24.Qxe4 Rf5 25.Bg3 Bf6 26.c3 Rxf1+ 27.Rxf1 Qa6 28.Ra1 Qb5 29.Rb1 Qd7
30.Re1 b5 31.h3 e5 32.c4 bxc4 33.Qxc4+ Kh8 34.b4 Rc8 35.Qe4 Qa4 36.Re2 h6
37.Kh2 Qb5 38.Rc2 Rxc2 39.Qxc2 Qb7 40.Qc5 e4 41.b5 Qf7 42.Qc8+ Kh7 43.Qf5+ g6
44.Qxe4 Qxa2 45.Qb7+ Kg8 46.Qa8+ Kg7 47.b6 Bd4 48.Qb7+ Kf6 49.Qc6+ Kg5 50.Qe4 Bg1+
51.Kxg1 Qb1+ 52.Qxb1  1-0

[Event "TCh-NED Meesterklasse 2012-13"]
[Site "Netherland NED"]
[Date "2013.02.16"]
[Round "6.5"]
[White "Van der Poel,H"]
[Black "Michielsen,J"]
[Result "1/2-1/2"]
[WhiteElo "2309"]
[BlackElo "2379"]

1.e4 c5 2.Nf3 e6 3.d4 cxd4 4.Nxd4 Nc6 5.Nc3 Qc7 6.Be3 a6 7.Be2 Nf6 8.a3 d6
9.f4 Be7 10.g4 Nxd4 11.Bxd4 e5 12.Bf2 exf4 13.g5 Nd7 14.Nd5 Qd8 15.Qd4 Ne5
16.h4 f3 17.Bf1 Be6 18.O-O-O Bxd5 19.Qxd5 Qc7 20.Bh3 Qc6 21.Bg3 Qxd5 22.Rxd5 h6
23.Bxe5 dxe5 24.Bd7+ Kf8 25.g6 fxg6 26.Rd3 f2 27.Rf3+ Bf6 28.Rxf2 Ke7 29.Bg4 Rhf8
30.Rg2 Rad8 31.Be2 Rd4 32.Rxg6 Rxe4 33.Bf3 Rf4 34.Bxb7 Rb8 35.Bxa6 Rb6 36.Be2 e4
37.Rg4 Bxb2+ 38.Kd2 Rxg4 39.Bxg4 Bxa3 40.Bf5 Bb4+ 41.Ke3 Kf6  1/2-1/2

[Event "TCh-NED Meesterklasse 2012-13"]
[Site "Netherland NED"]
[Date "2013.02.16"]
[Round "6.9"]
[White "De Graaf,D"]
[Black "Winkels,M"]
[Result "1-0"]
[WhiteElo "2201"]
[BlackElo "2037"]

1.e4 c5 2.Nf3 Nc6 3.Nc3 e6 4.d4 cxd4 5.Nxd4 Nf6 6.Be3 Bb4 7.Bd3 d5 8.Nxc6 bxc6
9.Bd2 O-O 10.e5 Nd7 11.f4 Nc5 12.Qf3 Nxd3+ 13.cxd3 Qa5 14.a3 Rb8 15.Rc1 Be7
16.Ne2 Qb5 17.Nd4 Qxb2 18.Nxc6 Rb7 19.Nxe7+ Rxe7 20.Ke2 Rb7 21.Rc3 d4 22.Rc4 Qxa3
23.Rxc8  1-0

[Event "TCh-NED Meesterklasse 2012-13"]
[Site "Netherland NED"]
[Date "2013.02.16"]
[Round "6.3"]
[White "Cuijpers,F"]
[Black "Muhren,B"]
[Result "1/2-1/2"]
[WhiteElo "2445"]
[BlackElo "2307"]

1.e4 c5 2.Nf3 e6 3.d4 cxd4 4.Nxd4 Nc6 5.Nc3 Qc7 6.Be2 a6 7.O-O Nf6 8.Be3 Bb4
9.Na4 O-O 10.Nxc6 bxc6 11.Nb6 Rb8 12.Nxc8 Qxc8 13.Bf4 d6 14.a3 Ba5 15.Qxd6 Rxb2
16.Bd3 c5 17.Qe5 Rb6 18.Rab1 Nd7 19.Qh5 e5 20.Be3 Rxb1 21.Rxb1 c4 22.Bf1 Qc6
23.Qf5 Bc7 24.Rb4 g6 25.Qf3 Nb6 26.h3 a5 27.Rb1 Rc8 28.Bh6 Bd8 29.Rd1 Be7
30.Be3 Kg7 31.Rb1 Bc5 32.Bd2 a4 33.Ba5 Qd6 34.Bb4 Rc6 35.Rd1 Qe7 36.Bxc5 Qxc5
37.Qc3 Rf6 38.Qe3 Qxe3 39.fxe3 Kf8 40.Rb1 Rc6 41.Rb4 Ke7 42.Kf2 Kd6 43.Ke1 Kc5
44.Be2 Rd6 45.Bf1 Rd8 46.Be2 Rd7 47.Bg4 Rd6 48.Be2 Rd8 49.Bf1 f5 50.exf5 gxf5
51.Be2 f4 52.exf4 exf4 53.Bf3 Rd4 54.Ke2 h6 55.Bb7 Rd6 56.Bf3 Re6+ 57.Kd2 Re3
58.c3 Rd3+ 59.Kc2 Rd6 60.Be2 Rg6 61.Bf3 Rg7 62.Kd2 Rd7+ 63.Kc2 Rd3 64.Be2 Re3
65.Kd2 Re8 66.Bf3 Rd8+ 67.Kc2 Rg8 68.Kd2 Rg7 69.Kc2 Rd7 70.Be2 Ra7 71.Kd2 Re7
72.Bf3 Re3 73.Be2 Re5 74.Bf3 Re6 75.Be2 Rg6 76.Bf3 Rg7 77.Kc2 Rg5 78.Kd2 h5
79.Kc2 h4 80.Kd2 Rg7 81.Kc2 Rd7 82.Be2 Rd6 83.Kc1 Re6 84.Kd2 Re3 85.Bf3 Rd3+
86.Kc2 Nd5 87.Bxd5 Kxd5 88.Rb8  1/2-1/2

[Event "TCh-FRA w TOP 12 2013"]
[Site "Archamps FRA"]
[Date "2013.02.17"]
[Round "5.2"]
[White "Thuret,M"]
[Black "Fesselier,Melissa"]
[Result "1-0"]
[WhiteElo "1891"]
[BlackElo "1739"]

1.e4 c5 2.Nc3 e6 3.Nf3 Nc6 4.d4 cxd4 5.Nxd4 a6 6.Be2 d6 7.O-O Nf6 8.Be3 Be7
9.Kh1 Qc7 10.f4 O-O 11.Bf3 Bd7 12.Qe1 Nxd4 13.Bxd4 Bc6 14.Qg3 Ne8 15.Be2 b5
16.a3 Qb7 17.Bd3 b4 18.axb4 Qxb4 19.Ne2 Qb7 20.e5 dxe5 21.fxe5 Be4 22.Nf4 Bxd3
23.Qxd3 Rd8 24.Qe3 Nc7 25.Nh5 Kh8 26.c4 Rd7 27.Bc3 Qc6 28.Qg3 Rg8 29.Rxf7 Bh4
30.Qf3 Qxf3 31.Rxf3 Rgd8 32.g3 Bg5 33.Nf4 Kg8 34.Ba5 Bxf4 35.Rxf4 Rb8 36.Raf1 h6
37.Bc3 Rbd8 38.Kg2 Na8 39.Ra1 Nc7 40.Kf3 Rd3+ 41.Ke2 R3d7 42.Ra5 Rb8 43.Rd4 Rf7
44.Rd6 Rbf8 45.Bd4 Rc8 46.Rc5 Rb8 47.Rdc6 Rb7 48.Ra5 Kh7 49.Bb6 Na8 50.Rxa6 Rb8
51.c5 Rd7 52.Rxe6 Nc7 53.Bxc7 Rxb2+ 54.Ke3 Rb3+ 55.Ke2 Rb2+ 56.Kf3 Rxc7 57.Rac6 Ra7
58.Rb6 Rc2 59.c6 Ra4 60.Rd6 Rc3+ 61.Kg2 Ra2+ 62.Kh3 Rc5 63.Rd4 Rac2 64.e6 Re5
65.e7 Rxe7 66.Rb7 Rxb7 67.cxb7 Rb2 68.Rd7 Rb4 69.Kg2 Kg6 70.Kf3 Kh7 71.Ke3 Kg6
72.Kd3 Kf6 73.Kc3 Rb1 74.Kc4 g5 75.Kc5 Ke6 76.Rd6+ Ke5 77.Rb6 Rc1+ 78.Kb5 Rb1+
79.Kc6  1-0

[Event "TCh-FRA w TOP 12 2013"]
[Site "Archamps FRA"]
[Date "2013.02.17"]
[Round "5.3"]
[White "Rudolf,An"]
[Black "Genova,Ly"]
[Result "1-0"]
[WhiteElo "2312"]
[BlackElo "2276"]

1.e4 c5 2.Nf3 e6 3.d4 cxd4 4.Nxd4 Nc6 5.Nc3 Qc7 6.Be2 a6 7.O-O Nf6 8.Be3 Bb4
9.Na4 Be7 10.Nxc6 bxc6 11.Nb6 Rb8 12.Nxc8 Qxc8 13.Bd4 Qc7 14.b3 c5 15.Bb2 a5
16.a4 O-O 17.e5 Nd5 18.Qd2 f6 19.f4 f5 20.Kh1 Rf7 21.Rad1 Bf8 22.Rf3 Rb7
23.Bb5 g6 24.Rd3 Nb4 25.Rxd7 Rxd7 26.Bxd7 Kf7 27.Bb5 Bh6 28.Qf2 Qe7 29.Rd6 Nd5
30.Bc6 Rc7 31.Bxd5 exd5 32.Rxd5 Rd7 33.c4 Rb7 34.Qf3 Qh4 35.g3 Qh3 36.Rd1 Re7
37.Qd5+ Kf8 38.Ba3 Bxf4 39.gxf4 Rd7 40.Bxc5+ Ke8  1-0